000 00327nam a22001457a 4500
008 230621b ||||| |||| 00| 0 eng d
020 _a9780521770293
041 _aeng
080 _a61
082 _a61HUN
100 _a4
101 _aMJKP
245 _aDECISION MAKING IN HEALTH AND MEDICINE
_cHUNINK.M
942 _2udc
_cBK
999 _c60013
_d60013